Normal view
MARC view
- ENGLISH LANGUAGE RHETORIC ENGLISH LANGUAGE GRAMMER
Entry Topical Term
001 - CONTROL NUMBER
- control field: 65441
003 - CONTROL NUMBER IDENTIFIER
- control field: NUST
005 - DATE AND TIME OF LATEST TRANSACTION
- control field: 20210628203432.0
008 - FIXED-LENGTH DATA ELEMENTS
- fixed length control field: 210628|| aca||aabn | a|a d
040 ## - CATALOGING SOURCE
- Original cataloging agency: NUST
- Transcribing agency: NUST
150 ## - HEADING--TOPICAL TERM
- Topical term or geographic name entry element: ENGLISH LANGUAGE RHETORIC ENGLISH LANGUAGE GRAMMER
670 ## - SOURCE DATA FOUND
- Source citation: Work cat.: (NUST): TYNER, T. E 65440, WRITING VOYAGE , AN INTEGRATED PROCESS OPPROACH TO BASIC WRITING, 1988
